000 00728cab a2200229 4500
001 WB3405-19
008 090401t1998 xxu||||| |||| 00| 0 eng d
035 _a(Sirsi) u83583
041 _aeng
245 _aHousebuilders ask for £5bn
260 _c1998
350 _a0
490 _aBuilding
_v263(8025) 6 February 1998, 13(1)
520 _aHousebuilders in the social housing market are increasingly concerned as to whether government will ever release the promised £5bn in local authority capital receipts.
650 _aCAPITAL RECEIPTS
650 _aHOUSE BUILDING
650 _aLOCAL AUTHORITY FINANCE
650 _aSOCIAL HOUSING
690 _aHOUSING-HOUSING FINANCE
942 _n0
948 _c06/02/1998
999 _c52804
_d52804